| 000 | 01305nam a22002777a 4500 | ||
|---|---|---|---|
| 005 | 20101206113148.0 | ||
| 008 | 101206t xxu||||| |||| 00| 0 hin d | ||
| 010 | _aHIN-93251 | ||
| 020 |
_c70.00 _a9788171247301 |
||
| 035 | _aHN-65597 | ||
| 037 | _bDBAD/PUB | ||
| 040 |
_aDPL _bHN |
||
| 082 | _a821.08 | ||
| 100 | _924598 | ||
| 245 |
_a'अँधेरे में' : एक पुनर्विचारः _cवशिष्ठ अनूप द्वारा संपादित _bमूल्यांकन और पाठ / |
||
| 246 |
_aAndhere mein eka punarvichara _bEdited by Vashistha Anoop |
||
| 260 |
_aवाराणसी _bविश्वविद्यालय प्रकाशन _c2010 |
||
| 270 |
_bवाराणसी _aपो.बाँ.1149, विशालाक्षी भवन, चौक _e221001 _k0542- 2413741 _msales@vvpbooks.com |
||
| 300 |
_a188पृ. _c22सेमी (अजिल्द) |
||
| 650 | _91169 | ||
| 650 | _929580 | ||
| 700 |
_924599 _aवशिष्ठ अनूप |
||
| 700 | _924924 | ||
| 942 |
_2ddc _cHN _mअँधेरे _h821.08 |
||
| 999 |
_c53985 _d53985 |
||